Giáo trình lắp ráp máy tính P4(CD) /

Αποθηκεύτηκε σε:
Λεπτομέρειες βιβλιογραφικής εγγραφής
Κύριος συγγραφέας: Dương Trung Hiếu
Μορφή: Βιβλίο
Γλώσσα:Vietnamese
Έκδοση: TP.HCM : ĐẤT VIỆT , 2008
Θέματα:
Ετικέτες: Προσθήκη ετικέτας
Δεν υπάρχουν, Καταχωρήστε ετικέτα πρώτοι!
Thư viện lưu trữ: Thư viện Trường CĐ Kỹ Thuật Cao Thắng
LEADER 00598nam a2200181 a 4500
001 TVCDKTCT9366
003 Thư viện trường Cao đẳng Kỹ thuật Cao Thắng
005 20080509000000
008 080509
980 \ \ |a Thư viện Trường CĐ Kỹ Thuật Cao Thắng 
024 |a RG_1 #1 eb0 i1 
041 0 # |a vie 
082 # # |a 005 /   |b GI108T-d 
100 1 # |a Dương Trung Hiếu 
245 0 0 |a Giáo trình lắp ráp máy tính P4(CD) /  |c Dương Trung Hiếu 
260 # # |a TP.HCM :  |b ĐẤT VIỆT ,  |c 2008 
650 # 4 |a Tin học 
650 # 4 |a Lắp ráp--Máy tính